South Eastern Kenya University

Library Online Public Access Catalogue


Politicians, dependence, and the bubble that broke the world economy : (Record no. 3975)

MARC details
000 -LEADER
fixed length control field 01139cam a2200325 a 4500
001 - CONTROL NUMBER
control field 18150744
003 - CONTROL NUMBER IDENTIFIER
control field OSt
005 - DATE AND TIME OF LATEST TRANSACTION
control field 20150616123134.0
008 - FIXED-LENGTH DATA ELEMENTS--GENERAL INFORMATION
fixed length control field 140514s2012 ilu b 001 0 eng d
010 ## - LIBRARY OF CONGRESS CONTROL NUMBER
LC control number 2013478588
020 ## - INTERNATIONAL STANDARD BOOK NUMBER
International Standard Book Number 9780898031713
040 ## - CATALOGING SOURCE
Original cataloging agency SEKU
050 00 - LIBRARY OF CONGRESS CALL NUMBER
Classification number HB 99.3
Item number .P3 2012
100 ## - MAIN ENTRY--PERSONAL NAME
Personal name Palmer, Tom G.
245 00 - TITLE STATEMENT
Title After the welfare state :
Remainder of title politicians stole your future-- you can get it back /
Statement of responsibility, etc. edited by Tom G. Palmer, Students for Liberty & Atlas Network
260 ## - PUBLICATION, DISTRIBUTION, ETC. (IMPRINT)
Place of publication, distribution, etc. Ottawa, Ill. :
Name of publisher, distributor, etc. Jameson Books,
Date of publication, distribution, etc. c2012.
300 ## - PHYSICAL DESCRIPTION
Extent 180 p. :
Other physical details ill.
500 ## - GENERAL NOTE
General note "Featuring essays by: David Beiro, Piercamillo Falasca, David Green, Aristides Hatzis, Johan Norberg, Tom G. Palmer, Michael Tanner"--Cover.
504 ## - BIBLIOGRAPHY, ETC. NOTE
Bibliography, etc Includes bibliographical references (p. 143-175).
650 #0 - SUBJECT ADDED ENTRY--TOPICAL TERM
Topical term or geographic name as entry element Welfare economics.
650 #0 - SUBJECT ADDED ENTRY--TOPICAL TERM
Topical term or geographic name as entry element Economic security.
650 #0 - SUBJECT ADDED ENTRY--TOPICAL TERM
Topical term or geographic name as entry element Public welfare.
700 1# - ADDED ENTRY--PERSONAL NAME
Personal name Beito, David T.,
Dates associated with a name 1956-
700 1# - ADDED ENTRY--PERSONAL NAME
Personal name Green, David G.
700 1# - ADDED ENTRY--PERSONAL NAME
Personal name Hatzis, Aristides N.
700 1# - ADDED ENTRY--PERSONAL NAME
Personal name Norberg, Johan,
Dates associated with a name 1973-
700 1# - ADDED ENTRY--PERSONAL NAME
Personal name Tanner, Michael,
Dates associated with a name 1956-
710 2# - ADDED ENTRY--CORPORATE NAME
Corporate name or jurisdiction name as entry element Students for Liberty.
942 ## - ADDED ENTRY ELEMENTS (KOHA)
Source of classification or shelving scheme Library of Congress Classification
Koha item type General circulation
Holdings
Withdrawn status Lost status Source of classification or shelving scheme Damaged status Not for loan Home library Current library Shelving location Date acquired Total Checkouts Full call number Barcode Date last seen Date last checked out Price effective from Koha item type
    Library of Congress Classification     Kitui Town Campus Library Kitui Town Campus Library General Stacks 03/06/2025   HB 99.3.P3 A38 2024/028297 03/06/2025   03/06/2025 General circulation
    Library of Congress Classification     Main Campus Library Main Campus Library General Stacks 16/06/2015 1 HB 99.3.P3 A38 018127 09/02/2016 29/01/2016 16/06/2015 General circulation
Kitui, Kenya.
+254736116989
library@seku.ac.ke